So žeriavom v znaku
Predstavenie leteckej spoločnosti Lufthansa. Stratégia firmy: servis, personál, hodnotenie spoločnosti, prevádzka letiska.
Enregistré dans:
| Auteur principal: | |
|---|---|
| Format: | Chapitre de livre |
| Langue: | slovaque |
| Sujets: | |
| Tags: |
Pas de tags, Soyez le premier à ajouter un tag!
|
MARC
| LEADER | 00000naa a2200000 4500 | ||
|---|---|---|---|
| 001 | r019302 | ||
| 005 | 20251104124105.1 | ||
| 041 | 0 | |a slo | |
| 044 | |a SK | ||
| 245 | 1 | 0 | |a So žeriavom v znaku |c Dagmar Krištofičová |
| 520 | |a Predstavenie leteckej spoločnosti Lufthansa. Stratégia firmy: servis, personál, hodnotenie spoločnosti, prevádzka letiska. | ||
| 610 | 2 | 0 | |a spoločnosti letecké |
| 610 | 2 | 0 | |a podnikanie |
| 610 | 2 | 0 | |a podnik veľký |
| 610 | 2 | 0 | |a Lufthansa |
| 610 | 2 | 0 | |a služby |
| 610 | 2 | 0 | |a sektor terciárny |
| 610 | 2 | 0 | |a stratégia podniková |
| 100 | 1 | |a Krištofičová, Dagmar | |